00538nam a2200193 a 4500001001300000003000900013005001700022008004100039020001000080082001900090100001400109245007500123260004600198300000800244500003500252505001000287650003300297700001400330nice12345678IN_TiNIC20260116011441.0050524s1925 cala grp 000 0 eng  ac10000a915.40403bWAL aWali, M A aLife and Work of Jawad Sabatb an Arab Traveller, Writer and Apologist aCalcuttabThacker Spink and Companyc1925 a86p aincludes index and biblioraphy2 aindex aIndia-Travel and Description1 aWali, M A